000 00394nam a22001457a 4500
003 macl
005 20200703131458.0
008 200703b xxu||||| |||| 00| 0 eng d
040 _cmacl
100 _aJoshi, Sachidanand
_978822
245 _aUntold Story of Broadcast During Quit India movement
260 _aDelhi
_bgovernment of india
_c2018
650 _aHistory
_978823
942 _2ddc
_cBK
999 _c62537
_d62537